[Event "Quebec-ch U16"]
[Site "Montreal CAN"]
[Date "1988.03.03"]
[Round "1"]
[White "Malo, Pascal"]
[Black "Nataf, Philippe"]
[Result "0-1"]
[WhiteElo "1606"]
[BlackElo "1571"]
[PlyCount "82"]
[GameId "2160767912586482"]
[EventDate "1988.03.03"]
[EventType "tourn"]
[EventRounds "7"]
[EventCountry "CAN"]
[SourceTitle "hb 2014"]

1. e4 d5 2. exd5 Nf6 3. Bb5+ Nbd7 4. Nc3 a6 5. Ba4 b5 6. Bb3 Nc5 7. Qf3 Bb7 8. d4 Nxb3 9. axb3 b4 10. Na4 Bxd5 11. Qg3 e6 12. Nf3 Bd6 13. Bf4 Nh5 14. Bg5 Nxg3 15. Bxd8 Nxh1 16. Bg5 h6 17. Be3 f5 18. Nc5 f4 19. Bd2 a5 20. c4 bxc3 21. bxc3 O-O 22. c4 Bxf3 23. gxf3 Bxc5 24. dxc5 Rf5 25. Kf1 Rxc5 26. b4 Rxc4 27. bxa5 e5 28. Re1 Rc2 29. Re2 Rd8 30. Ke1 Ra2 31. Bc3 Rxe2+ 32. Kxe2 g5 33. Kf1 e4 34. fxe4 f3 35. Ke1 Kf7 36. Bb4 Ke6 37. Bc5 Ke5 38. a6 Kxe4 39. a7 Kd3 40. Be3 Kc2 41. a8=Q Rd1# 0-1

[Event "Quebec-ch U16"]
[Site "Montreal CAN"]
[Date "1988.03.03"]
[Round "1"]
[White "Marcil, Alexandre"]
[Black "Lacognata, Tony"]
[Result "0-1"]
[WhiteElo "1552"]
[BlackElo "1500"]
[PlyCount "132"]
[GameId "2160767912586483"]
[EventDate "1988.03.03"]
[EventType "tourn"]
[EventRounds "7"]
[EventCountry "CAN"]
[SourceTitle "hb 2014"]

1. e4 e5 2. Nf3 Nc6 3. Bb5 a6 4. Ba4 b5 5. Bb3 Nf6 6. O-O Be7 7. Re1 O-O 8. c3 d5 9. exd5 Nxd5 10. Nxe5 Nxe5 11. Rxe5 Nf6 12. d4 Bd6 13. Re1 Ng4 14. g3 Nxh2 15. Qh5 Ng4 16. Bg5 Nf6 17. Qh4 Re8 18. Nd2 Be7 19. Bc2 h6 20. Bxf6 Bxf6 21. Rxe8+ Qxe8 22. Qe4 Qxe4 23. Nxe4 Be7 24. Re1 Be6 25. a3 a5 26. Nd2 Kf8 27. Nb3 b4 28. Nc5 Bxc5 29. dxc5 bxa3 30. bxa3 Rb8 31. Rb1 Rxb1+ 32. Bxb1 Bd5 33. Kf1 Bc4+ 34. Ke1 Ke7 35. Kd2 Ke6 36. Ke3 Kd5 37. c6 Kxc6 38. Kd4 Be6 39. Bd3 Kd6 40. Be4 c5+ 41. Ke3 Bd5 42. Bd3 g5 43. g4 Ke5 44. f3 Be6 45. Bc2 f5 46. Bd1 fxg4 47. fxg4 Ba2 48. Bf3 Bb3 49. Be2 Kd5 50. Bb5 Bd1 51. Bd7 Kc4 52. Kd2 Bf3 53. a4 Kb3 54. Kd3 h5 55. gxh5 Bxh5 56. Bc6 g4 57. Bd7 g3 58. Bc6 Bg4 59. Bg2 Kxa4 60. Kc4 Ka3 61. Kxc5 Kb3 62. Bd5+ Kxc3 63. Kb5 Kd4 64. Bg2 Ke3 65. Kxa5 Kf2 66. Bh1 Bf3 0-1

[Event "Quebec-ch U16"]
[Site "Montreal CAN"]
[Date "1988.03.04"]
[Round "2"]
[White "Lacognata, Tony"]
[Black "Carrier, Michel"]
[Result "1-0"]
[WhiteElo "1500"]
[BlackElo "1405"]
[PlyCount "39"]
[GameId "2160767912586484"]
[EventDate "1988.03.03"]
[EventType "tourn"]
[EventRounds "7"]
[EventCountry "CAN"]
[SourceTitle "hb 2014"]

1. e4 g6 2. d4 Bg7 3. c4 d6 4. Nc3 Nf6 5. f3 O-O 6. Be3 Nbd7 7. Qd2 b6 8. g4 c5 9. Nge2 Ba6 10. b3 Qc7 11. h4 Bb7 12. h5 cxd4 13. Nxd4 Ne5 14. hxg6 fxg6 15. Kd1 Nxf3 16. Nxf3 Nxe4 17. Nxe4 Bxe4 18. Be2 Bxf3 19. Bxf3 Rad8 20. Bd5+ 1-0

[Event "Quebec-ch U16"]
[Site "Montreal CAN"]
[Date "1988.03.04"]
[Round "2"]
[White "Levesque, Sylvain"]
[Black "Marcil, Alexandre"]
[Result "0-1"]
[WhiteElo "1511"]
[BlackElo "1552"]
[PlyCount "80"]
[GameId "2160767912586485"]
[EventDate "1988.03.03"]
[EventType "tourn"]
[EventRounds "7"]
[EventCountry "CAN"]
[SourceTitle "hb 2014"]

1. d4 d5 2. c4 e6 3. Nc3 Nf6 4. Bg5 Be7 5. Nf3 h6 6. Bh4 O-O 7. e3 Nbd7 8. Bd3 c6 9. c5 b6 10. b4 Bb7 11. O-O Re8 12. Rb1 Nh5 13. Bxe7 Qxe7 14. Bc2 Nhf6 15. h3 e5 16. Re1 exd4 17. exd4 Qd8 18. Bd3 Qc7 19. Rxe8+ Rxe8 20. a4 bxc5 21. dxc5 Ne5 22. Rc1 Nxd3 23. Qxd3 a6 24. g3 Bc8 25. Qf1 Ne4 26. Kh2 Nxc3 27. Rxc3 Re4 28. Rb3 Rc4 29. a5 Re4 30. Nd2 Rh4 31. Kg1 Rxh3 32. Qe2 g6 33. Re3 Be6 34. Qxa6 Rh5 35. Qa8+ Kg7 36. a6 d4 37. Rd3 Bd5 38. Nf3 Be4 39. Kg2 Qd7 40. Kg1 Qh3 0-1

[Event "Quebec-ch U16"]
[Site "Montreal CAN"]
[Date "1988.03.04"]
[Round "2"]
[White "Malo, Pascal"]
[Black "Lavoie, Denis"]
[Result "1/2-1/2"]
[WhiteElo "1606"]
[BlackElo "1450"]
[PlyCount "106"]
[GameId "2160767912586486"]
[EventDate "1988.03.03"]
[EventType "tourn"]
[EventRounds "7"]
[EventCountry "CAN"]
[SourceTitle "hb 2014"]

1. e4 c5 2. Nf3 e6 3. d4 cxd4 4. Nxd4 Nc6 5. Nc3 a6 6. Nf3 Bc5 7. Bd3 Nge7 8. Ng5 h6 9. Nf3 Ng6 10. a3 Qc7 11. Ne2 O-O 12. b4 Be7 13. Bb2 d6 14. O-O e5 15. Nc3 Nf4 16. Nd5 Nxd5 17. exd5 Nd8 18. Nd2 Bg5 19. Ne4 Qe7 20. Nxg5 Qxg5 21. Bc1 Qe7 22. Re1 f5 23. c4 b6 24. c5 bxc5 25. bxc5 dxc5 26. Bc4 Qd6 27. Bb2 Nf7 28. Qe2 Re8 29. Qh5 Bd7 30. Qf3 g5 31. Re2 Re7 32. Rae1 Rae8 33. Qc3 Bb5 34. g3 Bxc4 35. Qxc4 Nh8 36. f4 e4 37. Qc3 Ng6 38. fxg5 hxg5 39. g4 Rh7 40. gxf5 Nh4 41. Kf1 Nxf5 42. Rxe4 Rxe4 43. Rxe4 Qxd5 44. Qe5 Qxe5 45. Rxe5 Rxh2 46. Rxf5 Rxb2 47. Rxg5+ Kf7 48. Rxc5 Rb6 49. Ke2 Rd6 50. Ke3 Ke7 51. Rc7+ Rd7 52. Rc6 Rd6 53. Rc7+ Rd7 1/2-1/2

[Event "Quebec-ch U16"]
[Site "Montreal CAN"]
[Date "1988.03.04"]
[Round "2"]
[White "Nataf, Philippe"]
[Black "Glass, Martin"]
[Result "1-0"]
[WhiteElo "1571"]
[BlackElo "1443"]
[PlyCount "79"]
[GameId "2160767912586487"]
[EventDate "1988.03.03"]
[EventType "tourn"]
[EventRounds "7"]
[EventCountry "CAN"]
[SourceTitle "hb 2014"]

1. e4 e5 2. Nf3 Nc6 3. Bc4 Nf6 4. d3 Bc5 5. c3 a6 6. a4 d6 7. b4 Bb6 8. a5 Ba7 9. Nbd2 Be6 10. O-O O-O 11. Bb2 d5 12. exd5 Bxd5 13. Re1 Re8 14. Qc2 Qd7 15. Rad1 Rad8 16. Ne4 Bxe4 17. dxe4 Qe7 18. Ng5 Rf8 19. Rxd8 Nxd8 20. h3 h6 21. Nf3 Nc6 22. Qb3 Rd8 23. Bd5 Re8 24. Bxc6 bxc6 25. Qc4 Qd6 26. Qxa6 Bb8 27. Qc4 Ba7 28. Bc1 Nd7 29. Be3 Bxe3 30. Rxe3 Qd1+ 31. Re1 Qa4 32. Re2 Qb5 33. Qxb5 cxb5 34. Rd2 Nb8 35. Rd5 c6 36. Rxe5 Rxe5 37. Nxe5 Kf8 38. Nd3 Ke7 39. Nc5 Kd8 40. a6 1-0

[Event "Quebec-ch U16"]
[Site "Montreal CAN"]
[Date "1988.03.04"]
[Round "3"]
[White "Carrier, Michel"]
[Black "Levesque, Sylvain"]
[Result "0-1"]
[WhiteElo "1405"]
[BlackElo "1511"]
[PlyCount "90"]
[GameId "2160767912586488"]
[EventDate "1988.03.03"]
[EventType "tourn"]
[EventRounds "7"]
[EventCountry "CAN"]
[SourceTitle "hb 2014"]

1. e4 e5 2. Nf3 Nf6 3. Nxe5 d6 4. Nxf7 Kxf7 5. Bc4+ Ke8 6. O-O Nc6 7. c3 Ne5 8. Bb3 Nxe4 9. Re1 Nc5 10. Bc4 Be7 11. Bf1 Nf7 12. d4 Nd7 13. Bc4 c6 14. Be6 Nb6 15. Bxf7+ Kxf7 16. Qf3+ Ke8 17. Bg5 Nd5 18. c4 Nf6 19. Bxf6 gxf6 20. Qxf6 Kd7 21. Qg7 Qf8 22. Qxf8 Rxf8 23. Nc3 Bf6 24. Re4 Kc7 25. Rae1 Bf5 26. Rf4 Bg6 27. c5 dxc5 28. dxc5 b6 29. Re6 Bxc3 30. Rxf8 Rxf8 31. cxb6+ Kxb6 32. bxc3 Rd8 33. Re1 Rd3 34. f4 Rxc3 35. Rf1 Ra3 36. Rf2 c5 37. f5 Bf7 38. f6 c4 39. Rb2+ Kc7 40. Re2 Kd7 41. Re7+ Kd8 42. Rxf7 c3 43. Rxh7 c2 44. f7 c1=Q+ 45. Kf2 Ke7 0-1

[Event "Quebec-ch U16"]
[Site "Montreal CAN"]
[Date "1988.03.04"]
[Round "3"]
[White "Glass, Martin"]
[Black "Lacognata, Tony"]
[Result "1/2-1/2"]
[WhiteElo "1443"]
[BlackElo "1500"]
[PlyCount "62"]
[GameId "2160767912586489"]
[EventDate "1988.03.03"]
[EventType "tourn"]
[EventRounds "7"]
[EventCountry "CAN"]
[SourceTitle "hb 2014"]

1. e4 e5 2. Nf3 Nc6 3. Bc4 Nf6 4. d3 Bc5 5. c3 d5 6. exd5 Nxd5 7. Qb3 O-O 8. Qb5 Qd6 9. b4 Ndxb4 10. cxb4 Nxb4 11. O-O Nc2 12. Bb2 Bd4 13. Nxd4 exd4 14. Qa4 Nxa1 15. Ba3 Qg6 16. Bxf8 Bh3 17. Bd5 Rxf8 18. Na3 h5 19. Rxa1 h4 20. Kh1 c6 21. Be4 Bf5 22. Bxf5 Qxf5 23. Qxd4 h3 24. gxh3 Qf3+ 25. Kg1 Re8 26. Nc4 Re6 27. Ne3 Rg6+ 28. Kf1 c5 29. Qd8+ Kh7 30. Qh4+ Kg8 31. Qd8+ Kh7 1/2-1/2

[Event "Quebec-ch U16"]
[Site "Montreal CAN"]
[Date "1988.03.04"]
[Round "3"]
[White "Lavoie, Denis"]
[Black "Nataf, Philippe"]
[Result "1/2-1/2"]
[WhiteElo "1450"]
[BlackElo "1571"]
[PlyCount "120"]
[GameId "2160767912586490"]
[EventDate "1988.03.03"]
[EventType "tourn"]
[EventRounds "7"]
[EventCountry "CAN"]
[SourceTitle "hb 2014"]

1. Nf3 Nf6 2. g3 Nc6 3. b3 d5 4. Bg2 e5 5. d3 Bf5 6. Bb2 Bd6 7. O-O Qd7 8. Re1 O-O-O 9. Nbd2 a6 10. e4 dxe4 11. Nxe4 Nxe4 12. dxe4 Bh3 13. Qe2 Bxg2 14. Kxg2 g5 15. Rad1 Qe7 16. a3 h5 17. h3 g4 18. hxg4 hxg4 19. Nh2 Rdg8 20. Nxg4 Qe6 21. f3 f5 22. exf5 Qxf5 23. Rh1 Rxh1 24. Rxh1 e4 25. Rh8 exf3+ 26. Qxf3 Qxc2+ 27. Nf2 Rxh8 28. Bxh8 Bxa3 29. Qg4+ Kd8 30. Bf6+ Ne7 31. Bxe7+ Bxe7 32. Qg8+ Kd7 33. Qd5+ Kc8 34. Qe6+ Kd8 35. Qg8+ Kd7 36. Qd5+ Bd6 37. Qxb7 Qc3 38. Qf3 Qc6 39. Ne4 Qc2+ 40. Nf2 Bc5 41. Qd3+ Qxd3 42. Nxd3 Bd4 43. Kf3 Kc6 44. Ke4 Bc3 45. g4 Kb5 46. g5 Bg7 47. Kd5 a5 48. g6 c6+ 49. Ke4 a4 50. bxa4+ Kxa4 51. Ke3 Kb5 52. Ke4 Ka4 53. Nc5+ Kb4 54. Ne6 Bh8 55. g7 Bxg7 56. Nxg7 c5 57. Ne6 c4 58. Nf4 Kc3 59. Nd5+ Kc2 60. Kd4 Kb3 1/2-1/2

[Event "Quebec-ch U16"]
[Site "Montreal CAN"]
[Date "1988.03.04"]
[Round "3"]
[White "Marcil, Alexandre"]
[Black "Malo, Pascal"]
[Result "1-0"]
[WhiteElo "1552"]
[BlackElo "1606"]
[PlyCount "57"]
[GameId "2160767912586491"]
[EventDate "1988.03.03"]
[EventType "tourn"]
[EventRounds "7"]
[EventCountry "CAN"]
[SourceTitle "hb 2014"]

1. e4 e5 2. Nf3 Nc6 3. Bb5 d6 4. Nc3 Bd7 5. O-O a6 6. Bxc6 Bxc6 7. d3 Nf6 8. Be3 d5 9. exd5 Nxd5 10. Nxe5 Qf6 11. Bd4 O-O-O 12. Nxc6 Qxc6 13. Nxd5 Rxd5 14. Bc3 Rg5 15. f3 h5 16. Rf2 Bd6 17. Qd2 Rg6 18. Re1 h4 19. Be5 Re8 20. Bxd6 Rxd6 21. Rxe8+ Qxe8 22. Re2 Qb5 23. b3 Qb6+ 24. Kf1 Rf6 25. Qe3 Qc6 26. Qe4 Qd7 27. Qh7 Qd8 28. Qxg7 Qd6 29. Qg8+ 1-0

[Event "Quebec-ch U16"]
[Site "Montreal CAN"]
[Date "1988.03.05"]
[Round "4"]
[White "Lavoie, Denis"]
[Black "Marcil, Alexandre"]
[Result "1/2-1/2"]
[WhiteElo "1450"]
[BlackElo "1552"]
[PlyCount "66"]
[GameId "2160767912586492"]
[EventDate "1988.03.03"]
[EventType "tourn"]
[EventRounds "7"]
[EventCountry "CAN"]
[SourceTitle "hb 2014"]

1. d4 d5 2. c4 e6 3. Nc3 Nf6 4. Bg5 Be7 5. e3 h6 6. Bf4 O-O 7. Nf3 dxc4 8. Bxc4 Nbd7 9. Rc1 c6 10. O-O Nb6 11. Bd3 Bd6 12. Bxd6 Qxd6 13. Qc2 Nbd5 14. Nxd5 exd5 15. Ne5 Ng4 16. Nxg4 Bxg4 17. h3 Be6 18. Bf5 Rfe8 19. Kh1 Bxf5 20. Qxf5 Re6 21. Rg1 Rf6 22. Qc2 Re8 23. Rce1 Re4 24. g3 Re8 25. Rg2 Rfe6 26. Rd1 Re4 27. b3 R4e6 28. Qc5 Qxc5 29. dxc5 Re4 30. Rgg1 a5 31. a3 Kf8 32. Rd3 R8e6 33. Rgd1 Ke7 1/2-1/2

[Event "Quebec-ch U16"]
[Site "Montreal CAN"]
[Date "1988.03.05"]
[Round "4"]
[White "Levesque, Sylvain"]
[Black "Glass, Martin"]
[Result "1/2-1/2"]
[WhiteElo "1511"]
[BlackElo "1443"]
[PlyCount "87"]
[GameId "2160767912586493"]
[EventDate "1988.03.03"]
[EventType "tourn"]
[EventRounds "7"]
[EventCountry "CAN"]
[SourceTitle "hb 2014"]

1. d4 Nf6 2. c4 g6 3. Nc3 Bg7 4. Nf3 d6 5. Bg5 O-O 6. e3 Bf5 7. Bd3 Bxd3 8. Qxd3 Nbd7 9. O-O c5 10. b3 a6 11. a4 Qb6 12. Ne2 Nb8 13. Rab1 Nc6 14. Qc3 Ne4 15. Qd3 Nxg5 16. Nxg5 cxd4 17. exd4 Nxd4 18. Nxd4 Qxd4 19. Qxd4 Bxd4 20. Rfe1 Rfe8 21. Nf3 Bf6 22. Rbd1 Rab8 23. Rd5 Rec8 24. Nd2 Kf8 25. Ne4 Be5 26. g3 Rc6 27. f4 Bg7 28. Ng5 h6 29. Ne4 f5 30. Nd2 Rc5 31. Rd3 a5 32. Kg2 Rd8 33. Nf3 Rd7 34. Nd4 Bxd4 35. Rxd4 Kf7 36. Kf3 Kf6 37. h3 g5 38. Rd3 Rdc7 39. Rd4 R7c6 40. Re3 e5 41. fxe5+ dxe5 42. Rd7 e4+ 43. Kf2 Rb6 44. g4 1/2-1/2

[Event "Quebec-ch U16"]
[Site "Montreal CAN"]
[Date "1988.03.05"]
[Round "4"]
[White "Malo, Pascal"]
[Black "Carrier, Michel"]
[Result "1/2-1/2"]
[WhiteElo "1606"]
[BlackElo "1405"]
[PlyCount "93"]
[GameId "2160767912586494"]
[EventDate "1988.03.03"]
[EventType "tourn"]
[EventRounds "7"]
[EventCountry "CAN"]
[SourceTitle "hb 2014"]

1. e4 d6 2. d4 Nf6 3. Nc3 g6 4. Nf3 Bg7 5. h3 O-O 6. Bg5 Nbd7 7. Qd2 Re8 8. Bc4 c5 9. O-O cxd4 10. Nxd4 a6 11. Rad1 Ne5 12. Bb3 Qb6 13. Bxf6 Bxf6 14. Qf4 Bg7 15. Nf3 Nxf3+ 16. Qxf3 Rf8 17. Nd5 Qd8 18. c3 Be6 19. Rfe1 Rc8 20. e5 Bxe5 21. Rxe5 dxe5 22. Nf6+ exf6 23. Rxd8 Rcxd8 24. Qxf6 Bxb3 25. axb3 Rd1+ 26. Kh2 Rb1 27. Qxe5 Rxb2 28. b4 Rxf2 29. Qe7 b5 30. Qa7 Rf6 31. Qd4 Rc6 32. Qa7 Rfc8 33. h4 Re8 34. Qd7 Ree6 35. Qd8+ Kg7 36. Qd4+ f6 37. Kh3 Kh6 38. Qf4+ Kg7 39. Qd4 h5 40. Qd7+ Kh6 41. Qd8 Kg7 42. Qd7+ Kf8 43. g3 f5 44. Qh7 Rf6 45. Qh8+ Ke7 46. Qg7+ Rf7 47. Qe5+ 1/2-1/2

[Event "Quebec-ch U16"]
[Site "Montreal CAN"]
[Date "1988.03.05"]
[Round "4"]
[White "Nataf, Philippe"]
[Black "Lacognata, Tony"]
[Result "1-0"]
[WhiteElo "1571"]
[BlackElo "1500"]
[PlyCount "53"]
[GameId "2160767912586495"]
[EventDate "1988.03.03"]
[EventType "tourn"]
[EventRounds "7"]
[EventCountry "CAN"]
[SourceTitle "hb 2014"]

1. e4 c6 2. d4 d5 3. exd5 cxd5 4. Bd3 Nc6 5. c3 Nf6 6. Nf3 Bg4 7. O-O e6 8. Re1 Bd6 9. Nbd2 Qc7 10. Qc2 O-O-O 11. b4 g5 12. b5 Nb8 13. Ne5 Bh5 14. Bb2 Nbd7 15. c4 Bb4 16. Rac1 Kb8 17. c5 Rc8 18. c6 Nb6 19. a3 Ba5 20. Bc3 Bxc3 21. Qxc3 Ng4 22. Qb4 Nxe5 23. dxe5 Bg6 24. Bf1 Rhd8 25. Nb3 Na8 26. Nc5 Qb6 27. cxb7 1-0

[Event "Quebec-ch U16"]
[Site "Montreal CAN"]
[Date "1988.03.05"]
[Round "5"]
[White "Carrier, Michel"]
[Black "Lavoie, Denis"]
[Result "0-1"]
[WhiteElo "1405"]
[BlackElo "1450"]
[PlyCount "80"]
[GameId "2160767912586496"]
[EventDate "1988.03.03"]
[EventType "tourn"]
[EventRounds "7"]
[EventCountry "CAN"]
[SourceTitle "hb 2014"]

1. d4 e5 2. dxe5 Nc6 3. f4 Bc5 4. Nf3 f6 5. exf6 Nxf6 6. Nc3 Ng4 7. Ne4 Qe7 8. Qd3 Nb4 9. Qc4 d5 10. Qxc5 Qxc5 11. Nxc5 Nxc2+ 12. Kd2 Nxa1 13. g3 Nf6 14. Ne5 b6 15. Ncd3 c5 16. g4 Ne4+ 17. Ke1 Nc2+ 18. Kd1 Nd4 19. Bg2 Bb7 20. Be3 Nb5 21. a4 Nc7 22. Nf2 Nxf2+ 23. Bxf2 Rf8 24. f5 Rb8 25. Bg3 Rc8 26. Nc4 Kd8 27. Nd6 Rb8 28. Nxb7+ Rxb7 29. Bxc7+ Rxc7 30. Bxd5 Re8 31. Be6 Rc6 32. h4 Rd6+ 33. Kc2 g6 34. e4 Rd4 35. Re1 Rxe6 36. fxe6 Ke7 37. b3 Kxe6 38. h5 gxh5 39. gxh5 h6 40. e5 Rd5 0-1

[Event "Quebec-ch U16"]
[Site "Montreal CAN"]
[Date "1988.03.05"]
[Round "5"]
[White "Glass, Martin"]
[Black "Malo, Pascal"]
[Result "1-0"]
[WhiteElo "1443"]
[BlackElo "1606"]
[PlyCount "54"]
[GameId "2160767912586497"]
[EventDate "1988.03.03"]
[EventType "tourn"]
[EventRounds "7"]
[EventCountry "CAN"]
[SourceTitle "hb 2014"]

1. e4 e5 2. Nf3 d6 3. d4 Nc6 4. d5 Nce7 5. Bd3 c6 6. c4 Bg4 7. O-O Nf6 8. Nc3 g6 9. h3 Bd7 10. Be3 Nc8 11. Qd2 Be7 12. Bh6 c5 13. a4 a6 14. a5 Na7 15. Rfb1 Bc8 16. Na4 Nd7 17. b4 Qc7 18. b5 axb5 19. cxb5 b6 20. axb6 Nxb6 21. Qa5 Bd8 22. Bg5 f6 23. Bxf6 Bxf6 24. Nxb6 Bd8 25. Nxa8 Qxa5 26. Rxa5 Bxa5 27. b6 Bb7 1-0

[Event "Quebec-ch U16"]
[Site "Montreal CAN"]
[Date "1988.03.05"]
[Round "5"]
[White "Lacognata, Tony"]
[Black "Levesque, Sylvain"]
[Result "1-0"]
[WhiteElo "1500"]
[BlackElo "1511"]
[PlyCount "33"]
[GameId "2160767912586498"]
[EventDate "1988.03.03"]
[EventType "tourn"]
[EventRounds "7"]
[EventCountry "CAN"]
[SourceTitle "hb 2014"]

1. e4 e5 2. f4 Nc6 3. Nf3 d6 4. Bc4 Nf6 5. O-O g6 6. Ng5 d5 7. exd5 Nxd5 8. Nxf7 Kxf7 9. fxe5+ Ke8 10. Qf3 Bf5 11. Bxd5 Nxe5 12. Re1 Qe7 13. Qe3 Bg7 14. d4 Nf3+ 15. Bxf3 Qxe3+ 16. Rxe3+ Kd7 17. c3 1-0

[Event "Quebec-ch U16"]
[Site "Montreal CAN"]
[Date "1988.03.05"]
[Round "5"]
[White "Marcil, Alexandre"]
[Black "Nataf, Philippe"]
[Result "0-1"]
[WhiteElo "1552"]
[BlackElo "1571"]
[PlyCount "84"]
[GameId "2160767912586499"]
[EventDate "1988.03.03"]
[EventType "tourn"]
[EventRounds "7"]
[EventCountry "CAN"]
[SourceTitle "hb 2014"]

1. e4 d5 2. exd5 Nf6 3. d4 Nxd5 4. c4 Nf6 5. Nf3 g6 6. Be3 Bg7 7. Nc3 O-O 8. Be2 b6 9. O-O Bb7 10. h3 Nbd7 11. Qd2 Re8 12. Bh6 Bh8 13. Rad1 c6 14. Rfe1 Qc7 15. Bf4 Qc8 16. Bd3 c5 17. d5 Nh5 18. Bh2 Ng7 19. Nb5 a6 20. Nc7 Ra7 21. Nxe8 Qxe8 22. Ne5 Nxe5 23. Bxe5 Qd7 24. Bc3 b5 25. b3 b4 26. Ba1 Bc8 27. Re2 f6 28. Rde1 Qd6 29. Bb2 Nf5 30. Bxf5 Bxf5 31. Bc1 Bg7 32. Qf4 Qd8 33. Bb2 Qf8 34. Rd2 Bh6 35. Qf3 Bxd2 36. Re2 Bh6 37. g4 Bc8 38. d6 Bb7 39. dxe7 Bxf3 40. exf8=Q+ Kxf8 41. Re6 Bg5 42. Bxf6 Kf7 0-1

[Event "Quebec-ch U16"]
[Site "Montreal CAN"]
[Date "1988.03.06"]
[Round "6"]
[White "Lavoie, Denis"]
[Black "Glass, Martin"]
[Result "0-1"]
[WhiteElo "1450"]
[BlackElo "1443"]
[PlyCount "76"]
[GameId "2160767912586500"]
[EventDate "1988.03.03"]
[EventType "tourn"]
[EventRounds "7"]
[EventCountry "CAN"]
[SourceTitle "hb 2014"]

1. d4 Nf6 2. c4 g6 3. Nc3 Bg7 4. e4 d6 5. f3 O-O 6. Bd3 Nbd7 7. Nge2 e5 8. Be3 Ne8 9. d5 a5 10. O-O Nc5 11. Bc2 f5 12. Rb1 f4 13. Bf2 g5 14. Na4 Nxa4 15. Bxa4 h5 16. Bxe8 Qxe8 17. c5 Qg6 18. Kh1 g4 19. cxd6 cxd6 20. Qd3 h4 21. Be1 g3 22. Ng1 h3 23. hxg3 fxg3 24. Qd2 Bh6 25. Qe2 h2 26. Nh3 b6 27. b4 axb4 28. Bxb4 Ba6 29. Qb2 Bxf1 30. Rxf1 Bf4 31. Nxf4 Rxf4 32. Rc1 Rff8 33. Rc6 Qxe4 34. Rxd6 Rxf3 35. Qc1 Qe3 36. Rg6+ Kf7 37. Qc7+ Kxg6 38. Qd6+ Rf6 0-1

[Event "Quebec-ch U16"]
[Site "Montreal CAN"]
[Date "1988.03.06"]
[Round "6"]
[White "Malo, Pascal"]
[Black "Lacognata, Tony"]
[Result "0-1"]
[WhiteElo "1606"]
[BlackElo "1500"]
[PlyCount "44"]
[GameId "2160767912586501"]
[EventDate "1988.03.03"]
[EventType "tourn"]
[EventRounds "7"]
[EventCountry "CAN"]
[SourceTitle "hb 2014"]

1. c4 Nf6 2. Nc3 e6 3. d4 c5 4. e3 b6 5. Nf3 Bb7 6. Be2 d5 7. O-O Nbd7 8. Qa4 dxc4 9. Rd1 a6 10. Qxc4 b5 11. Qb3 c4 12. Qc2 Qa5 13. b3 b4 14. Na4 Be4 15. Qxc4 Be7 16. Bd2 O-O 17. a3 Rfc8 18. Bxb4 Qf5 19. Bc5 Nxc5 20. Nxc5 Bxc5 21. b4 Be7 22. Qa2 Rc2 0-1

[Event "Quebec-ch U16"]
[Site "Montreal CAN"]
[Date "1988.03.06"]
[Round "6"]
[White "Marcil, Alexandre"]
[Black "Carrier, Michel"]
[Result "1/2-1/2"]
[WhiteElo "1552"]
[BlackElo "1405"]
[PlyCount "82"]
[GameId "2160767912586502"]
[EventDate "1988.03.03"]
[EventType "tourn"]
[EventRounds "7"]
[EventCountry "CAN"]
[SourceTitle "hb 2014"]

1. e4 c5 2. c3 e6 3. d4 d5 4. exd5 cxd4 5. Qxd4 Qxd5 6. Qxd5 exd5 7. Nf3 Nf6 8. Be3 Bf5 9. Bb5+ Nc6 10. Nd4 Bd7 11. O-O Be7 12. Re1 O-O 13. Nxc6 Bxc6 14. Be2 Rfe8 15. Nd2 Bd6 16. Bf3 b6 17. Rad1 Rad8 18. Bg5 Rxe1+ 19. Rxe1 Re8 20. Rxe8+ Nxe8 21. Nb3 Nc7 22. Nd4 Ba8 23. Be3 g6 24. Kf1 Kg7 25. Ke2 f5 26. g3 Kf6 27. h4 Bb7 28. Bg5+ Kf7 29. Kd2 Bc5 30. Be3 Bxd4 31. Bxd4 Nb5 32. Kd3 Ke6 33. a4 Nd6 34. b3 Ba6+ 35. Ke3 Ne4 36. Be2 Bxe2 37. Kxe2 Nd6 38. Kd3 Kd7 39. a5 bxa5 40. Bxa7 Kc6 41. Bd4 Nf7 1/2-1/2

[Event "Quebec-ch U16"]
[Site "Montreal CAN"]
[Date "1988.03.06"]
[Round "6"]
[White "Nataf, Philippe"]
[Black "Levesque, Sylvain"]
[Result "1-0"]
[WhiteElo "1571"]
[BlackElo "1511"]
[PlyCount "45"]
[GameId "2160767912586503"]
[EventDate "1988.03.03"]
[EventType "tourn"]
[EventRounds "7"]
[EventCountry "CAN"]
[SourceTitle "hb 2014"]

1. e4 c5 2. Nf3 Nc6 3. c3 d6 4. d4 b6 5. d5 Nb8 6. Be3 Bb7 7. Bb5+ Nd7 8. Qa4 Ngf6 9. Bc6 Bxc6 10. dxc6 Ne5 11. c7+ Qd7 12. Qxd7+ Nexd7 13. Na3 Rc8 14. O-O-O Nxe4 15. Rhe1 Nef6 16. Bg5 e6 17. Nb5 a6 18. Nxd6+ Bxd6 19. Rxd6 Rxc7 20. Red1 Ne4 21. Rxb6 Nxf2 22. Rb8+ Nxb8 23. Rd8# 1-0

[Event "Quebec-ch U16"]
[Site "Montreal CAN"]
[Date "1988.03.06"]
[Round "7"]
[White "Carrier, Michel"]
[Black "Nataf, Philippe"]
[Result "0-1"]
[WhiteElo "1405"]
[BlackElo "1571"]
[PlyCount "48"]
[GameId "2160767912586504"]
[EventDate "1988.03.03"]
[EventType "tourn"]
[EventRounds "7"]
[EventCountry "CAN"]
[SourceTitle "hb 2014"]

1. b3 d5 2. Bb2 Nc6 3. Nf3 Bf5 4. c4 e6 5. g3 Nf6 6. Bg2 d4 7. d3 e5 8. O-O Qd7 9. Re1 h6 10. Nbd2 g5 11. Nxe5 Nxe5 12. Bxb7 Rb8 13. Bg2 h5 14. Rb1 h4 15. Ba1 hxg3 16. fxg3 Bh3 17. Bh1 Neg4 18. Nf3 Bb4 19. Nxd4 Qe7 20. Nf5 Qc5+ 21. Nd4 Ne3 22. Qc1 Nfg4 23. Ne6 fxe6 24. Bxh8 Bxe1 0-1

[Event "Quebec-ch U16"]
[Site "Montreal CAN"]
[Date "1988.03.06"]
[Round "7"]
[White "Glass, Martin"]
[Black "Marcil, Alexandre"]
[Result "1/2-1/2"]
[WhiteElo "1443"]
[BlackElo "1552"]
[PlyCount "49"]
[GameId "2160767912586505"]
[EventDate "1988.03.03"]
[EventType "tourn"]
[EventRounds "7"]
[EventCountry "CAN"]
[SourceTitle "hb 2014"]

1. e4 e5 2. Nf3 Nc6 3. Bb5 a6 4. Ba4 Nf6 5. O-O Be7 6. Re1 b5 7. Bb3 O-O 8. c3 d6 9. h3 Bb7 10. d4 Na5 11. Bc2 Re8 12. d5 Nc4 13. Nbd2 Nxd2 14. Bxd2 h6 15. Qc1 Kh7 16. Nh4 Bc8 17. f4 Nh5 18. Nf3 Nxf4 19. Bxf4 exf4 20. Qxf4 Kg8 21. e5 dxe5 22. Nxe5 Bf6 23. Nc6 Rxe1+ 24. Rxe1 Qf8 25. Qxc7 1/2-1/2

[Event "Quebec-ch U16"]
[Site "Montreal CAN"]
[Date "1988.03.06"]
[Round "7"]
[White "Lacognata, Tony"]
[Black "Lavoie, Denis"]
[Result "1/2-1/2"]
[WhiteElo "1500"]
[BlackElo "1450"]
[PlyCount "38"]
[GameId "2160767912586506"]
[EventDate "1988.03.03"]
[EventType "tourn"]
[EventRounds "7"]
[EventCountry "CAN"]
[SourceTitle "hb 2014"]

1. c4 Nf6 2. Nc3 e6 3. d4 d5 4. Bg5 Nbd7 5. e3 c6 6. Qc2 Be7 7. cxd5 exd5 8. Bd3 h6 9. Bf4 O-O 10. Nf3 Re8 11. g4 Nf8 12. g5 hxg5 13. Bxg5 N6h7 14. h4 Bg4 15. Rg1 Bxf3 16. Bh6 Bf6 17. Kd2 Kh8 18. Rg3 Be4 19. Rag1 Ng6 1/2-1/2